Generačná výmena očami slovenských rodinných firiem
Salvato in:
| Natura: | Libro |
|---|---|
| Lingua: | slovacco |
| Pubblicazione: |
Bratislava
Slovak Business Agency
2024
|
| Edizione: | 1. vydanie |
| Soggetti: | |
| Tags: |
Nessun Tag, puoi essere il primo ad aggiungerne!!
|
MARC
| LEADER | 00000nam a2200000 4500 | ||
|---|---|---|---|
| 001 | 0312057 | ||
| 005 | 20250923112737.5 | ||
| 020 | |a 978-80-99933-13-3 | ||
| 041 | 0 | |a slo | |
| 044 | |a SK | ||
| 245 | 1 | 0 | |a Generačná výmena očami slovenských rodinných firiem |
| 250 | |a 1. vydanie | ||
| 264 | 1 | |a Bratislava |b Slovak Business Agency |c 2024 | |
| 300 | |a 115 s. | ||
| 610 | 2 | 0 | |a podnikanie rodinné |
| 610 | 2 | 0 | |a podnikanie súkromné |
| 610 | 2 | 0 | |a riadenie podnikové |
| 610 | 2 | 0 | |a podnik malý |
| 610 | 2 | 0 | |a podnik stredný |
| 610 | 2 | 0 | |a politika podnikania |
| 610 | 2 | 0 | |a stratégia podnikateľská |
| 610 | 2 | 0 | |a know-how |
| 610 | 2 | 0 | |a dedičstvo |